000 00607nam a2200229Ia 4500
003 OSt
005 20221006152639.0
006 a|||||r|||| 00| 0
007 ta
008 221006b |||||||| |||| 00| 0 chi d
024 _a29,180
037 _bGift, PRC
_cTextual
040 _aEASL
_cEASL
_bchi
041 _2chi
_achi
082 _aP41, P3
100 _aWU Zhen Bang Ed.
_9661315
245 0 _aHanyu xiezuo
260 _aBeijing
_bYuyan daxue chubanshe China
_c2003
300 _a212p.
_ccm.
942 _hP41, P3
_cTEXL
_2CC
999 _c1097266
_d1097266